Un análisis de la relación de causalidad entre la esperanza de vida y la educación /
Guardat en:
| Autor principal: | |
|---|---|
| Altres autors: | |
| Format: | Text |
| Matèries: | |
| Etiquetes: |
Afegir etiqueta
Sense etiquetes, Sigues el primer a etiquetar aquest registre!
|
MARC
| LEADER | 00000 a a2200000 04500 | ||
|---|---|---|---|
| 001 | 13017 | ||
| 003 | |||
| 040 | |||
| 100 | |a Lamelas Castellanos, Nélida | ||
| 245 | |a Un análisis de la relación de causalidad entre la esperanza de vida y la educación / |c Nélida Lamelas Castellanos ; Eva Aguayo Lorenzo | ||
| 650 | |a ESPERANZA DE VIDA | ||
| 650 | |a EDUCACION | ||
| 650 | |a CONOCIMIENTO | ||
| 650 | |a ESPERANZA DE VIDA | ||
| 650 | |a EDUCACION | ||
| 700 | |a Aguayo Lorenzo, Eva | ||
| 773 | |g volumen 38, número 149; páginas 61-77 | ||
| 999 | |c 34563 |d 34563 | ||
